Statistics for Countries that Touch the Prime Meridian or Equator (without map)

Click here to take the quiz!

General Stats

  • This quiz has been taken 372 times
  • The average score is 16 of 19

Answer Stats

Country% Correct
brBrazil
96%
cdDR Congo
94%
ecEcuador
92%
keKenya
92%
idIndonesia
91%
cgRepublic of Congo
91%
ukUnited Kingdom
91%
coColombia
87%
frFrance
87%
dzAlgeria
86%
mlMali
85%
esSpain
82%
ugUganda
81%
gaGabon
80%
ghGhana
79%
bfBurkina Faso
76%
soSomalia
73%
tgTogo
72%
stSão Tomé & Príncipe
68%

Score Distribution

Percentile by Number Answered

Percent of People with Each Score

Your Score History

You have not taken this quiz